000 01036nam a2200313 a 4500
003 CL-SaCFP
005 20260309093503.0
008 180829t20192018amca 000 0dspa
015 _acl-2019-xxxx
_2bcl
020 _a9789568474904
040 _bspa
_cCL
043 _as-cl---
082 0 4 _a920.72 C971 2019
_221
100 1 _aCumplido, María José,
_d1988-
245 1 0 _aChilenas rebeldes /
_cMaría José Cumplido.
250 _aCuarta edición: mayo de 2019.
260 _aSantiago de Chile :
_bPenguin Random House Grupo Editorial, S.A.,
_cc2018
_e(Santiago, Chile :
_fA Impresores S.A.,
_g2019)
300 _a165 páginas :
_bilustraciones en color ;
_c24 cm.
490 1 _aMontena
650 7 _aMujeres
_zChile
_vBiografías
650 7 _aPersonajes famosos
_zChile
_vBiografías
650 7 _aFeminismo
_vLiteratura juvenil
655 7 _aBiografías
655 7 _aLiteratura juvenil
655 7 _aGénero
830 0 _aMontena (Penguin Random House Grupo Editorial (Chile))
942 _2ddc
_cLIBRO
949 _ac
_bc
999 _c16345
_d16345